|
|
|
|
| LEADER |
01031cam a2200265 7i4500 |
| 001 |
0000031178 |
| 005 |
20140407090000.0 |
| 020 |
0 |
0 |
|a 9780821398463
|
| 090 |
0 |
0 |
|a WESA 363.7409174927
|b ECO
|
| 245 |
0 |
0 |
|a Economics of climate change in the Arab world :
|b case studies from Syria, Tunisia and Yemen.
|
| 260 |
0 |
0 |
|a Washington D.C.:
|b The World Bank,
|c 2013.
|
| 300 |
# |
# |
|a 135 p.
|
| 650 |
0 |
0 |
|a Climatic changes --
|z Syria
|
| 650 |
0 |
0 |
|a Crops and climate --
|x Economic aspects --
|z Yemen
|
| 650 |
0 |
0 |
|a Crops and climate --
|x Economic aspects --
|z Tunisia
|
| 650 |
0 |
0 |
|a Crops and climate --
|x Economic aspects --
|z Syria
|
| 650 |
0 |
0 |
|a Climatic changes --
|x Economic aspects --
|z Yemen
|
| 650 |
0 |
0 |
|a Climatic changes --
|x Economic aspects --
|z Tunisia
|
| 650 |
0 |
0 |
|a Climatic changes --
|x Economic aspects --
|z Syria
|
| 650 |
0 |
0 |
|a Climatic changes --
|z Yemen
|
| 650 |
0 |
0 |
|a Climatic changes --
|z Tunisia
|
| 651 |
0 |
0 |
|a Tunisia
|
| 651 |
0 |
0 |
|a Yemen
|
| 651 |
0 |
0 |
|a Syria
|
| 999 |
|
|
|a 0000033546
|b Book
|c Regions
|e Business Information Centre
|